Loading...
Encyclopaedia of skill development. Vol.1 /
| Main Author: | |
|---|---|
| Format: | Printed Book |
| Published: |
Jaipur:
Book enclave ,
2017.
|
| Subjects: |
| LEADER | 00492 a2200145 4500 | ||
|---|---|---|---|
| 999 | |c 49 |d 49 | ||
| 020 | |a 9788181524270 | ||
| 082 | |a 650.13 |b SHA | ||
| 100 | |a Sharma,Sandeep | ||
| 245 | |a Encyclopaedia of skill development. Vol.1 / | ||
| 260 | |a Jaipur: |b Book enclave , |c 2017. | ||
| 300 | |a 287p. | ||
| 650 | |a Skill development |a Soft skills | ||
| 942 | |2 ddc |c BK | ||
| 952 | |0 0 |1 0 |2 ddc |4 0 |6 650_130000000000000_SHA |7 0 |8 GC |9 134 |a CDST |b CDST |c GEN |d 2017-11-30 |g 3500.00 |o 650.13 SHA |p 00133 |r 2017-11-30 |t 1 |w 2017-11-30 |y BK | ||